Historical Syntax of the Indo-European Languages : Part 1 /
This book provides an introduction to the historical syntax of the Indo-European languages. It aims to provide an overview of the main issues concerning the comparison of syntactic structrures within the language family and the reconstruction of their common ancestor.
Main Author:
Format: eBook
Language: English
Published:
Leiden ; Boston :
Brill,
2025.
Series:
Language and Linguistics E-Books Online, Collection 2025.
Leiden Studies in Indo-European ;
28.1.
Subjects:
Online Access: Login to view Source
Tags: Add Tag
Call Number: P57.I4
| LEADER | 02000nam a22004938i 4500 | ||
|---|---|---|---|
| 001 | BRILL9789004741997 | ||
| 003 | nllekb | ||
| 005 | 20251023165846.0 | ||
| 006 | m d | ||
| 007 | cr un uuuua | ||
| 008 | 250709s2025 gw sb 001 0 eng d | ||
| 020 | |a 9789004741997 |q (electronic book) | ||
| 020 | |z 9789004734302 |q (print) | ||
| 024 | 7 | |a 10.1163/9789004741997 |2 DOI | |
| 035 | |z (OCoLC)1516195160 | ||
| 040 | |a NL-LeKB |c NL-LeKB |e rda | ||
| 041 | |a eng | ||
| 050 | 4 | |a P57.I4 | |
| 072 | 7 | |a CFF |2 bicssc | |
| 072 | 7 | |a LAN |x 009000 |2 bisacsh | |
| 072 | 7 | |a LAN |x 024000 |2 bisacsh | |
| 082 | 0 | 4 | |a 418/.007/054 |2 23 |
| 100 | 1 | |a Petit, Daniel, |e author. | |
| 245 | 1 | 0 | |a Historical Syntax of the Indo-European Languages : |b Part 1 / |c Daniel Petit. |
| 246 | 3 | |a Part 1 | |
| 264 | 1 | |a Leiden ; |a Boston : |b Brill, |c 2025. | |
| 264 | 4 | |c ©2025 | |
| 300 | |a 1 online resource (450 pages) : |b illustrations. | ||
| 336 | |a text |b txt |2 rdacontent | ||
| 337 | |a computer |b c |2 rdamedia | ||
| 338 | |a online resource |2 rdacarrier | ||
| 490 | 1 | |a Language and Linguistics E-Books Online, Collection 2025 | |
| 490 | 1 | |a Leiden Studies in Indo-European ; |v 28.1 | |
| 504 | |a Includes bibliographical references and index. | ||
| 520 | |a This book provides an introduction to the historical syntax of the Indo-European languages. It aims to provide an overview of the main issues concerning the comparison of syntactic structrures within the language family and the reconstruction of their common ancestor. | ||
| 546 | |a English | ||
| 588 | |a Description based on print version record. | ||
| 650 | 0 | |a Languages and Linguistics. | |
| 776 | 0 | 8 | |i Print version: |t Historical Syntax of the Indo-European Languages : Part 1. |d Leiden ; Boston : Brill, 2025. |z 9789004734302 |
| 830 | 0 | |a Language and Linguistics E-Books Online, Collection 2025. | |
| 830 | 0 | |a Leiden Studies in Indo-European ; |v 28.1. | |
| 856 | 4 | |z DOI: |u http://dx.doi.org/10.1163/9789004741997 | |
| 942 | |2 lcc |c EBOOK | ||
| 999 | |c 61296 |d 61296 | ||
